000 00599nam a2200217 a 4500
001 17661
003 CO-ViMGA
008 141112s2004 ck r 000 u spa d
020 _a9682460565
040 _aCO-ViMGA
_bspa
_cCO-ViMGA
082 0 4 _a919 T767e
100 1 _aTrotman, Felicity
_925059
245 1 0 _aLa exploración del espacio
260 _aMexico,
_cTrillas,
_c2001
300 _a32.p.
490 _aGrandes exploradores
590 _aForma de adquisición : Premio - Mincultura
650 1 4 _aESPACIO EXTERIOR - EXPLORACION
_925060
650 1 4 _aEXPLORADORES
_91374
942 _2ddc
_cBK
999 _c27149
_d27149